| 000 | 00451cam a2200145 4500500 | ||
|---|---|---|---|
| 005 | 20260322014144.0 | ||
| 041 | _afre | ||
| 042 | _adc | ||
| 100 | 1 | 0 |
_aChampion, Yannick _eauthor |
| 245 | 0 | 0 | _aMetal nanofoams |
| 260 | _c2026. | ||
| 500 | _a8 | ||
| 786 | 0 | _nStudies and properties of metals | - | 2026-03-05 | p. 17-17 | |
| 856 | 4 | 1 | _uhttps://stm.cairn.info/advanced-metallic-materials--bdti42660210-n3805-page-17?lang=en&redirect-ssocas=7080 |
| 999 |
_c1786763 _d1786762 |
||